Distributed computer systems : Impact on management, design and analysis /
Saved in:
| Main Authors: | , , |
|---|---|
| Format: | Book |
| Language: | English |
| Published: |
Amsterdam :
North-Holland,
1980
|
| Edition: | 1.vyd. |
| Subjects: | |
| Tags: |
No Tags, Be the first to tag this record!
|
MARC
| LEADER | 00000nam a22000003a 4500 | ||
|---|---|---|---|
| 001 | stu7721 | ||
| 005 | 20150617225806.3 | ||
| 008 | 950424s1980----ne------------------eng-d | ||
| 020 | |a 0-444-86109-2 | ||
| 040 | |a STU |b slo | ||
| 041 | 0 | |a eng | |
| 044 | |a ne | ||
| 080 | |a 681.32.013 | ||
| 080 | |a 519.687 | ||
| 100 | 1 | |a Champine, George A |4 aut | |
| 245 | 1 | |a Distributed computer systems : |b Impact on management, design and analysis / |c [aut.] Champine,George A.; Coop,Ronald D.; Heinselman,Russell C | |
| 250 | |a 1.vyd. | ||
| 260 | |a Amsterdam : |b North-Holland, |c 1980 | ||
| 300 | |a 380 s | ||
| 650 | 7 | |a distribuované systémy |2 stusub | |
| 650 | 7 | |a počítačové systémy |2 stusub | |
| 700 | 1 | |a Coop, Ronald D |4 aut | |
| 700 | 1 | |a Heinselman, Russell C |4 aut | |
| 996 | |c I*18PD4909 |l I |s A |a 24 |w stu7721_0002 | ||